| 000 | 00582nam a22001817a 4500 | ||
|---|---|---|---|
| 999 |
_c8520 _d8520 |
||
| 008 | 201201b ||||| |||| 00| 0 eng d | ||
| 040 | _aBMS College of Architecture | ||
| 100 | _aChethana, C | ||
| 245 | _aArogyadhama-the pillars of rural society Malavalli | ||
| 300 | _aNA | ||
| 500 | _a1BM13AT014 | ||
| 502 |
_8B,Arch _NBMS College of Architecture, Visvesvaraya Technological University (VTU) _aProject report _d2017 |
||
| 650 | _aRural Society | ||
| 700 |
_aGirija Umashankar _eGuide |
||
| 700 |
_aSharath Ravi _eGuide |
||
| 700 |
_aRadhika kulkarni _eGuide |
||
| 942 |
_2ddc _cTHE |
||